Statistics for Superstitions

Click here to take the quiz!

General Stats

  • This quiz has been taken 46,777 times
    (16,192 since last reset)
  • The average score is 16 of 22

Answer Stats

Hint Answer % Correct
Bad luck if one crosses your pathBlack Cat
98%
Breaking one = seven years bad luckMirror
93%
Good luck to find a four-leaf oneClover
93%
Bad luck to walk underneath oneLadder
92%
Knock on it to avoid a jinxWood
92%
Used by Native Americans to
prevent nightmares
{Dream}catcher
92%
This animal's foot is good luckRabbit
91%
When you see one in the sky, make a wishShooting Star
86%
Don't say "good luck" at a theater.
Say this instead
Break a Leg
85%
Bad luck to open one indoorsUmbrella
84%
Horse equipment that's good luckHorseshoe
83%
Bad luck to spill this, unless you toss
some over your shoulder afterwards
Salt
81%
Throw this food at newlyweds
to ensure fertility
Rice
79%
Unlucky day / number combinationFriday the 13th
79%
If this animal sees his shadow, it's
six more weeks of winter
Groundhog
65%
Good luck to find one of these heads upPenny
58%
Play whose name isn't said by actorsMacbeth
54%
Kiss this stone to get the gift of gabBlarney Stone
52%
Time of day to make a wish11:11
49%
Bad luck for a sailor to kill this type of birdAlbatross
47%
England will stand as long as these
animals remain in the Tower of London
Ravens
43%
Bad luck to bring an old one to a new homeBroom
9%

Score Distribution

Percentile by Number Answered

Percent of People with Each Score

Your Score History

You have not taken this quiz since the last reset